| 000 | 01751cam a22003854a 4500 | ||
|---|---|---|---|
| 001 | 12871588 | ||
| 003 | ARRUPE | ||
| 005 | 20211004093023.0 | ||
| 008 | 020726s2002 enk b 001 0 eng | ||
| 010 | _a 2002031133 | ||
| 020 | _a1842771760 | ||
| 020 | _a1842771779 (pbk.) | ||
| 040 |
_aDLC _cDLC _dDLC |
||
| 042 | _apcc | ||
| 043 | _af-et--- | ||
| 050 | 0 | 0 |
_aJQ3766 _b.E84 2002 |
| 082 | 0 | 0 |
_a320.963 _221 |
| 245 | 0 | 0 |
_aEthiopia since the Derg : _ba decade of democratic pretension and performance / _cedited by Siegfried Pausewang, Kjetil Tronvoll, Lovise Aalen ; [with a preface by Christopher Clapham]. |
| 260 |
_aLondon ; _aNew York : _bZed Books ; _aNew York : _bdistributed in the USA exclusively by Palgrave, _c2002. |
||
| 300 |
_axviii, 254 p. ; _c23 cm. |
||
| 504 | _aIncludes bibliographical references (p. 245-248) and index. | ||
| 610 | 1 | 0 |
_aEthiopia. _bYaGizéyāwi watādarāwi ʾastadādar darg. _950197 |
| 610 | 2 | 0 |
_aYaʾItyopyā hezboč ʾabeyotāwi démokrāsiyāwi genbār. _950198 |
| 650 | 0 |
_aDemocratization _zEthiopia. _950194 |
|
| 651 | 0 |
_aEthiopia _xPolitics and government _y1991- _944770 |
|
| 700 | 1 |
_aPausewang, Siegfried. _950189 |
|
| 700 | 1 |
_aTronvoll, Kjetil. _950199 |
|
| 700 | 1 |
_aAalen, Lovise. _950200 |
|
| 856 | 4 | 2 |
_3Contributor biographical information _uhttp://www.loc.gov/catdir/bios/hol052/2002031133.html |
| 856 | 4 | 2 |
_3Publisher description _uhttp://www.loc.gov/catdir/description/hol031/2002031133.html |
| 856 | 4 | 1 |
_3Table of contents _uhttp://www.loc.gov/catdir/toc/hol031/2002031133.html |
| 906 |
_a7 _bcbc _corignew _d1 _eocip _f20 _gy-gencatlg |
||
| 942 |
_2lcc _cMONOGRAPH |
||
| 999 |
_c130647 _d130647 |
||